000 01433nam a2200337Ia 4500
001 ebr10227167
003 CaPaEBR
006 m u
007 cr cn|||||||||
008 840406s1983 bcca sb 001 0beng d
010 _z 84146737
020 _z9780774801782
020 _z9780774857666 (ebook)
020 _z0774801786
040 _aCaPaEBR
_cCaPaEBR
035 _a(OCoLC)243616441
050 1 4 _aNA749.R37
_bB37 1983eb
100 1 _aBarrett, Anthony,
_d1941-
245 1 0 _aFrancis Rattenbury and British Columbia
_h[electronic resource] :
_barchitecture and challenge in the Imperial Age /
_cAnthony A. Barrett & Rhodri Windsor Liscombe.
260 _aVancouver :
_bUniversity of British Columbia Press,
_c1983.
300 _axii, 391 p. :
_bill.
504 _aIncludes bibliographical references (p. [377]-381) and index.
533 _aElectronic reproduction.
_bPalo Alto, Calif. :
_cebrary,
_d2009.
_nAvailable via World Wide Web.
_nAccess may be limited to ebrary affiliated libraries.
600 1 0 _aRattenbury, Francis Mawson,
_d1867-1935.
650 0 _aArchitects
_zBritish Columbia
_vBiography.
650 0 _aEclecticism in architecture
_zBritish Columbia.
655 7 _aElectronic books.
_2local
700 1 _aLiscombe, R. W.,
_d1946-
710 2 _aebrary, Inc.
856 4 0 _uhttp://site.ebrary.com/lib/rucke/Doc?id=10227167
_zAn electronic book accessible through the World Wide Web; click to view
999 _c41257
_d41257